Parecer acerca de un pago de los patronos al Colegio de la Compañía de Jesús

Detalles Bibliográficos
Otros Autores: Juan Marques de Prado, Juan Rodríguez Armenteros
Formato: Libro
Publicado: Salamanca, 1664
Colección:Banco de datos
Acervo:Biblioteca Palafoxiana. Colección de Manuscritos
Descripción Física:1 f. ; 21 x 30 cm.
LEADER 00441nam a22001450004500
035 |a 1330 
245 1 0 |a Parecer acerca de un pago de los patronos al Colegio de la Compañía de Jesús 
260 |a Salamanca, 1664 
300 |a 1 f. ; 21 x 30 cm. 
700 1 |a Juan Marques de Prado 
700 1 |a Juan Rodríguez Armenteros 
949 |a 32280/084 
942 |c PALAMANU 
943 |g Biblioteca Palafoxiana. Colección de Manuscritos 
999 |c 1069275  |d 1069275